000 00438nam a22001577a 4500
005 20240709123039.0
008 240709b |||||||| |||| 00| 0 eng d
020 _a0946819130
050 _aTT 178 .S63 1989
_bC. 1
100 _aSPALDING, GRAHAM
245 _aMAKING UNUSUAL MINIATURES
260 _aGREAT BRITAIN
_bGUILT OF MASTER CRAFTSMAN PUBLICATIONS LTD
_c1989
300 _a120.:ILL.
650 _aMINIATURES
942 _2lcc
_cBK
999 _c210506
_d210506